000 00920nam a2200313Ia 4500
008 171025s9999 xx 000 0 und d
020 _a1842732390
050 _a741.5
050 _bD257 2001
100 _aDavies, Paul B.
245 4 _aThe beginner's guide to drawing cartoons :a step-by-step guide to drawing fantastic cartoons /
245 _cby Paul B. Davies, Kevin Faerber, Terry Longhurst and David Pattison.
260 _aLondon :
260 _bMarks and Spencer,
260 _c2001
300 _aunpages :
300 _bcolored illustrations ;
300 _c29cm.
650 _aCartooning --
650 _aCartooning -- Technique --
650 _aDrawing -- Technique --
650 _xJuvenile literature.
650 _xJuvenile literature.
650 _xTechnique.
700 _aFaerber, Kevin.
700 _aLonghurst, Terry.
700 _aPattinson, David.
700 _aTitle.
999 _c344853
_d344853